Galerías Melchor Ocampo /

Centro comercial proyectado por el arquitecto Julio de la Peña en la zona centro de la Ciudad de México, entre las avenidas Melchor Ocampo esquina Marina Nacional, colonia Anáhuac. Este es el boletín promocional de ventas para el conjunto, que incluye planos del sótano y la azotea.

Guardado en:
Bibliografiske detaljer
Format: Bog
Sprog:spansk
Fag:
Tags: Tilføj Tag
Ingen Tags, Vær først til at tagge denne postø!

MARC

LEADER 00000nam^a2200000^a^4500
001 000262936
005 20250521000000.0
009 20260526133721.165
037 |a Acervo ITESO - Biblioteca 
041 |a ESP 
082 |a 720. 972532063  |b GAL 
240 1 1 |a [Plaza Galerías] 
245 0 0 |a Galerías Melchor Ocampo / 
264 |a México :  |b Centro Urbano Galerías Melchor Ocampo,  |c fecha no identificada 
300 |a 1 v. 
336 |a texto  |b txt  |2 rdacontenido 
337 |a sin mediación  |b n  |2 rdamedio 
338 |a volumen  |b nc  |2 rdasoporte 
520 |a Centro comercial proyectado por el arquitecto Julio de la Peña en la zona centro de la Ciudad de México, entre las avenidas Melchor Ocampo esquina Marina Nacional, colonia Anáhuac. Este es el boletín promocional de ventas para el conjunto, que incluye planos del sótano y la azotea. 
649 |a XX 
650 |a Plazas -  |z México (Ciudad) -  |x Tema Principal 
650 |a Plazas -  |z México 
650 |a Centros Comerciales -  |z México (Ciudad) -  |x Tema Principal 
650 |a Centros Comerciales -  |z México 
650 |a Arquitectura Moderna 
650 |a Arquitectura Jalisciense -  |y 1980-1989 
650 |a Arquitectura Jalisciense -  |y 1990-1999 
650 |a Arquitectura Jalisciense -  |y Siglo XX 
650 |a Arquitectura Mexicana -  |y 1980-1989 
650 |a Arquitectura Mexicana -  |y 1990-1999 
650 |a Arquitectura Mexicana -  |y Siglo XX 
650 |a Arte Moderno 
650 |a Arte Jalisciense -  |y 1980-1989 
650 |a Arte Jalisciense -  |y 1990-1999 
650 |a Arte Jalisciense -  |y Siglo XX 
650 |a Arte Mexicano -  |y 1980-1989 
650 |a Arte Mexicano -  |y 1990-1999 
650 |a Arte Mexicano -  |y Siglo XX 
910 |a Fondo Julio de la Peña Lomelín 
920 |a Impresos - Libros 
930 |a Arquitectos Jaliscienses 
905 |a 115 
901 |a 0500144038  |b IT1  |c JAL  |u 20250521 
901 |a 0500144032  |b IT1  |c JAL  |u 20250521 
902 |a https://opac.biblio.iteso.mx/vufind/Record/000262936